Elektroakustické zaměřování místa zemního rozruchu : Kand.diz.práca : V.odb. 26-16-9 : Obh. 16.02.1989 /

Saved in:
Bibliographic Details
Main Author: Horák, Zdeněk (Author)
Other Authors: Kočiš, Štefan (Thesis advisor)
Format: Manuscript Book
Published: Bratislava : SVŠT v Bratislave EF, 1988
Subjects:
Tags: Add Tag
No Tags, Be the first to tag this record!

MARC

LEADER 00000ntm a22000003a 4500
001 stu4374
005 20150617225813.6
008 ------s1988----------------------------d
040 |a STU  |b slo 
041 0
100 1 |a Horák, Zdeněk  |4 aut 
245 1 |a Elektroakustické zaměřování místa zemního rozruchu :  |b Kand.diz.práca : V.odb. 26-16-9 : Obh. 16.02.1989 /  |c [aut.] Horák,Zdeněk, Ing.; Škol. Kočiš,řtefan 
260 |a Bratislava :  |b SVŠT v Bratislave EF,  |c 1988 
300 |a 114 s  |c Autoref.1988, 17 s 
650 7 |a Meracia technika  |2 stusub 
650 7 |a šírenie signálu  |2 stusub 
650 7 |a číslicové spracovanie signálov  |2 stusub 
700 1 |a Kočiš, Štefan  |4 ths 
996 |b 284ED00674  |c E*KDIZ-562  |l EE01  |s A  |a 24  |w stu4374_0001